| 000 | 00639nmm a2200169Ia 4500 | ||
|---|---|---|---|
| 008 | 251105s9999||||xx |||||||||||||||||und|| | ||
| 041 | _aspa | ||
| 100 | _aRomero Sánchez, Jose Andrés | ||
| 245 | 0 | _aEnseñanzas iniciales: Nivel I. Ámbito de Desarrollo e Iniciativa Personal y Laboral. Unidad 4. Me organizo para buscar empleo | |
| 264 |
_a[Madrid, España] : _bMinisterio de Educación, Cultura y Deporte de España, _c2015 |
||
| 300 | _a52 páginas | ||
| 650 | _aEducation | ||
| 700 | _aRomero Sánchez, Jose Andrés | ||
| 700 | 1 | _a Onsurbe Andrés, Rosa | |
| 856 | _uhttps://public.digitaliapublishing.com/a/60329 | ||
| 942 | _cCF | ||
| 999 |
_c70735 _d70735 |
||